000 00452nam a2200133Ia 4500
008 181023s9999 xx 000 0 und d
020 _a9781119434856
100 _aSkeen, Jack.
245 _cJack Skeen, Greg Miller, Aaron Hill.--
_aThe Circle blueprint :
_bdecoding the conscious and unconscious factors that determine your success /
260 _aUSA :
_bWiley
_c2017
300 _axiv, 161 pages.
650 _aSelf-realization.
650 _aSuccess.
999 _c359347
_d359347